El pequeño Arlequin: actividades de plástica y psicomotricidad (Registro nro. 254)
[ vista simple ]
| 000 -CABECERA | |
|---|---|
| campo de control de longitud fija | 00668aam a2200253 4500 |
| 005 - FECHA Y HORA DE ACTUALIZACIÓN | |
| campo de control | 20191021110318.0 |
| 008 - LONGITUD FIJA | |
| campo de control de longitud fija | 150722b xxu||||| |||| 00| 0 spa d |
| 041 ## - IDIOMA | |
| Código de idioma del texto/pista de sonido o título separado | |
| 082 ## - CLASIFICACIÓN DECIMAL DEWEY | |
| Número de clasificación | 371.39 P425p |
| 245 ## - TÍTULO PROPIAMENTE DICHO | |
| Título | El pequeño Arlequin: actividades de plástica y psicomotricidad |
| 260 ## - PIE DE IMPRENTA | |
| Lugar de publicación, distribución, etc. | España |
| 260 ## - PIE DE IMPRENTA | |
| Nombre del editor, distribuidor, etc. | Oceáno |
| 260 ## - PIE DE IMPRENTA | |
| Fecha de publicación, distribución, etc. | 1999 |
| 300 ## - DESCRIPCIÓN FÍSICA | |
| Extensión | 100 páginas |
| 500 ## - NOTA GENERAL | |
| Nota general | Tomo I |
| 505 ## - Nota de Contenido | |
| Nota de contenido | Contiene Disco Compacto N° 503 |
| 650 ## - Materia General | |
| Materia general | APRENDIZAJES |
| 650 ## - Materia General | |
| Materia general | COMUNICACIÓN |
| 650 ## - Materia General | |
| Materia general | CREATIVIDAD |
| 650 ## - Materia General | |
| Materia general | TITERES |
| 650 ## - Materia General | |
| Materia general | PSICOMOTRICIDAD |
| 650 ## - Materia General | |
| Materia general | ACTIVIDADES |
| 942 ## - Punto de Acceso Adicional Koha | |
| Tipo de ítem Koha | Libro |
| Estado perdido | Estado dañado | No para préstamo | Biblioteca permanente | Biblioteca actual | Signatura completa | Código de barras | Precio efectivo a partir del | Tipo de ítem |
|---|---|---|---|---|---|---|---|---|
| Departamento de Biblioteca y Documentación Alfonso Chase Brenes | Departamento de Biblioteca y Documentación Alfonso Chase Brenes | 371.39 P425p | 3308 | 24/08/2016 | Libro | |||
| Departamento de Biblioteca y Documentación Alfonso Chase Brenes | Departamento de Biblioteca y Documentación Alfonso Chase Brenes | 371.39 P425p | 503DC | Disco Compacto |